000 00582nam a2200181 4500
999 _c169131
_d169131
005 20191106163540.0
010 _aENG-126842
020 _c350.00
_a9788194113805
035 _aEN-110374
037 _bDBAD/PUB
082 _a531
_22nd.ed.
100 _aBahety, Sanjay K
245 _aWaves and thermodynamics for JEE main and advanced /
_cby Sanjay K Bahety
260 _a Delhi
_bMCGraw Hill Education
_c2019
270 _a444/1, Sri Ekambara Naicker Industrial Estate, Chennai
_e600116
300 _avarious paging
_c27cm(pbk)
942 _2ddc
_cEN
_h531
_mBAH